| 000 | 00521nam a22001697a 4500 | ||
|---|---|---|---|
| 005 | 20251108180002.0 | ||
| 008 | 250721s2025 xx 000 0 ara d | ||
| 082 | 1 | 4 | _a183/وائ |
| 100 | 1 | _aالوائلي، عامر عبد زيد | |
| 245 | 1 | 0 | _aدراسات في الفلسفة اليونانية / |
| 264 | 1 |
_aعمان : _bدار غيداء للنشر، _c2025. |
|
| 300 | _a272ص. | ||
| 650 | 1 | 7 | _aالفلسفة اليونانية |
| 650 | 1 | 7 | _aالنقد الفلسفي |
| 942 |
_2ddc _cBK |
||
| 999 |
_c147044 _d147044 |
||